00754cam a2200193 a 450000100100000000500170001000800410002702000150006804000290008308200190011224501790013126000360031030000260034649000310037261000790040365000210048270000260050383000310052900001421820240411202003.0860714s1985 ag b 000 0 spa  a9501402622 aDO-SdBNPbspacLCdBNPHU a341.481bD295u00aDeclaración universal de derechos humanos /cprecedida de un estudio sobre sus antecedentes, sus principios y su inserción en el mundo contemporaneo Cristóbal R. Garro. aBuenos Aires :bDepalma,c1985. aviii, 78 p. ;c17 cm.1 aDepalma :pAbriendo Surcos20aNACIONES UNIDASbGeneral Assembly.tUniversal Declaration of Human Rights. 0aDerechos humanos1 aGarro, Cristóbal R. 0aDepalma :pAbriendo Surcos